000 00548cam a22002054a 4500
005 20250605164333.0
008 250528s ||||||||||||||||||||||||d
035 _a23311
020 _a9789925563173
040 _aGR-AtMCL
_bgre
_dGR-AtMCL
_eAACR2
245 1 _aΨυχολογία του αθλητισμού και της άσκησης
250 _a
260 _bBroken Hill Publishers,
_c2018
300 _a878
700 1 _aDaniel Gould
_93685
700 1 _aWeinberg Robert
_93686
942 _cBK
999 _c8338
_d8338